000 01538cam a2200145 4500500
005 20260405090526.0
041 _afre
042 _adc
100 1 0 _aCoatanlem, Yann
_eauthor
700 1 0 _ade Lecea, Antonio
_eauthor
245 0 0 _aLe capitalisme contre les inégalités
260 _bPresses Universitaires de France,
_c2022.
520 _aCe livre explore des voies concrètes vers une plus grande équité sociale à l’aune d’un triple défi. D’une part les dernières décennies ont vu un enrichissement des couches les plus aisées sans contreparties pour les plus défavorisées. D’autre part les crises à répétition, économiques, sanitaires, climatiques, mettent cruellement à jour le manque de filets de sécurité pour les plus faibles, forçant souvent les gouvernements à agir dans l’urgence et sans grande efficacité. Enfin, la révolution numérique exacerbe les problèmes existants. Construire un monde plus équitable c’est éliminer les rentes anticoncurrentielles, les prix excessifs qui s’apparentent à un véritable impôt privé et le free-riding.C’est aussi internaliser les externalités, ce que nous appelons la «super-valeur». C’est aussi réorienter l’aide sociale vers une plus grande égalité des chances et un bouclier anticrise, notamment par le biais du revenu universel. Un bilan pluridisciplinaire et multidimensionnel des inégalités.
856 4 1 _uhttps://shs.cairn.info/le-capitalisme-contre-les-inegalites--9782130836339?lang=fr&redirect-ssocas=7080
999 _c2206040
_d2206040